Dimensi kritis proses pembangunan di Indonesia /
Saved in:
| Other Authors: | |
|---|---|
| Format: | eBook |
| Language: | Indonesian |
| Published: |
Yogyakarta :
Penerbit Kanisius,
1996.
|
| Subjects: | |
| Tags: |
Add Tag
No Tags, Be the first to tag this record!
|
| LEADER | 01219nam a22003011a 4500 | ||
|---|---|---|---|
| 001 | MIU01-003160661 | ||
| 003 | MiU | ||
| 005 | 20000314000000.0 | ||
| 006 | m d ||||| | ||
| 007 | cr bn ---auaua | ||
| 008 | 970716s1996 io b 000 0 ind d | ||
| 010 | |a 97940447 | ||
| 020 | |a 9794977152 | ||
| 035 | |a (RLIN)MIUG97-B2431 | ||
| 035 | |a (OCoLC)ocm38227845 | ||
| 038 | |a MiU | ||
| 040 | |a MiU |c MiU | ||
| 245 | 0 | 0 | |a Dimensi kritis proses pembangunan di Indonesia / |c editor, Johanes Mardimin. |
| 260 | |a Yogyakarta : |b Penerbit Kanisius, |c 1996. | ||
| 300 | |a 152 p. ; |c 21 cm. | ||
| 504 | |a Includes bibliographical references. | ||
| 538 | |a Mode of access: Internet. | ||
| 588 | |a This bibliographic record is available under the Creative Commons CC0 public domain dedication. The University of Michigan Libraries, as creator of this bibliographic record, has waived all rights to it worldwide under copyright law, including all related and neighboring rights, to the extent allowed by law. | ||
| 650 | 0 | |a Poor |z Indonesia. | |
| 651 | 0 | |a Indonesia |x Economic conditions |y 20th century. | |
| 651 | 0 | |a Indonesia |x Social conditions |y 20th century. | |
| 650 | 0 | |a Public welfare |z Indonesia. | |
| 700 | 1 | |a Mardimin, Yohanes, |d 1965- | |


